Máximos goleadores de todas las eurocopas - Estadísticas

Estadísticas generales
  • Esta prueba ha sido intentada 38 veces
  • La puntuación promedio es 6 de 12
Estadísticas de respuestas
Hint Respuesta % Correcto
14- Portugal Cristiano Ronaldo
100%
6- Suecia Zlatan Ibrahimovic
76%
6- Bélgica Romelu Lukaku
70%
6- Francia Thierry Henry
64%
6- España Álvaro Morata
55%
7- Francia Antoine Griezmann
55%
6- Inglaterra Wayne Rooney
52%
9- Francia Michel Platini
42%
6- Países bajos Ruud van Nistelrooy
33%
7- Inglaterra Alan Shearer
18%
6- Países bajos Patrick Kluivert
3%
6- Portugal Nuno Gomes
0%
No se encontraron pruebas coincidentes
Distribución de puntuación
Porcentaje de gente con cada puntuación
Porcentaje por número respondido
Historial de tus puntuaciones
No has intentado esta prueba.